Hóa học vô cơ

Sách trình bày lý thuyết đại cương về hoá học, những đơn chất và hợp chất của các nguyên tố điển hình theo thứ tự các nhóm nguyên tố S đến các nhóm nguyên tố P.

Saved in:
Bibliographic Details
Main Author: Hoàng, Nhâm
Format: Book
Language:Undetermined
Published: Hà Nội Giáo Dục 2002
Subjects:
Tags: Add Tag
No Tags, Be the first to tag this record!
Institutions: Trung tâm Học liệu Trường Đại học Cần Thơ
LEADER 00781nam a2200205Ia 4500
001 CTU_47448
008 210402s9999 xx 000 0 und d
020 |c 34000 
082 |a 546 
082 |b Nh120/T.3 
100 |a Hoàng, Nhâm 
245 0 |a Hóa học vô cơ 
245 0 |c Hoàng Nhâm 
260 |a Hà Nội 
260 |b Giáo Dục 
260 |c 2002 
520 |a Sách trình bày lý thuyết đại cương về hoá học, những đơn chất và hợp chất của các nguyên tố điển hình theo thứ tự các nhóm nguyên tố S đến các nhóm nguyên tố P. 
650 |a Chemistry, inorganic 
904 |i Trọng Hải, Năm 
980 |a Trung tâm Học liệu Trường Đại học Cần Thơ